00349nam a2200133Ia 4500008004100000041000800041082001200049100001600061245003700077250001400114260004500128300003100173365001100204240624s9999 xx 000 0 und d aeng a020 MAN aMANN THOMAS aOXFORD GUIDE TO LIBRARY RESEARCH a(4th ed.) c2015aNew DelhibOxford University Press axxx, : 359 : p. : cm. ; 20 cRSb31